[Event "6. Torneo Aficionados Bali - Sub-2300"]
[Site "Benidorm ESP"]
[Date "2007.12.05"]
[Round "6.51"]
[White "Carrasco Sagredo, Manuel"]
[Black "Heikkila, Antti"]
[Result "1-0"]
[WhiteElo "2134"]
[BlackElo "2065"]
[PlyCount "27"]
[EventDate "2007.11.30"]
[EventType "swiss"]
[EventRounds "9"]
[EventCountry "ESP"]
[Source "lmi"]
[SourceDate "2007.11.30"]

1. e4 d6 2. d4 Nf6 3. Nc3 g6 4. Be3 c6 5. Qd2 h5 6. Bd3 Ng4 7. Bg5 f6 8. Bh4
Nh6 9. a3 Nf7 10. Nf3 Bh6 11. Qe2 Nd7 12. d5 Nfe5 13. Nd4 a6 14. Ne6 1-0

[Event "6. Torneo Aficionados Bali - Sub-2300"]
[Site "Benidorm ESP"]
[Date "2007.12.05"]
[Round "6.52"]
[White "Diez Machin, Vicente"]
[Black "Skorna, Ullrich"]
[Result "0-1"]
[WhiteElo "2022"]
[BlackElo "2130"]
[PlyCount "51"]
[EventDate "2007.11.30"]
[EventType "swiss"]
[EventRounds "9"]
[EventCountry "ESP"]
[Source "lmi"]
[SourceDate "2007.11.30"]

1. e4 e6 2. d4 d5 3. e5 c5 4. c3 Nc6 5. Nf3 Bd7 6. Bd3 cxd4 7. cxd4 Qb6 8. Bc2
Nb4 9. Ba4 Nd3+ 10. Kf1 Nxc1 11. Bxd7+ Kxd7 12. Qxc1 Rc8 13. Nc3 Bb4 14. Qf4
Qa6+ 15. Kg1 Bxc3 16. Qxf7+ Ne7 17. bxc3 Rcf8 18. Qh5 Rf5 19. Qg4 Rhf8 20. h3
Qe2 21. a4 Qb2 22. Kh2 Qxf2 23. Rhf1 Qc2 24. Rfc1 Qd3 25. Rab1 b6 26. Rf1 0-1

[Event "6. Torneo Aficionados Bali - Sub-2300"]
[Site "Benidorm ESP"]
[Date "2007.12.05"]
[Round "6.53"]
[White "Cucarella Montell, Angels"]
[Black "Sahelices Casado, Roberto"]
[Result "1/2-1/2"]
[WhiteElo "1953"]
[BlackElo "2117"]
[PlyCount "31"]
[EventDate "2007.11.30"]
[EventType "swiss"]
[EventRounds "9"]
[EventCountry "ESP"]
[Source "lmi"]
[SourceDate "2007.11.30"]

1. e4 c6 2. d4 d5 3. e5 Bf5 4. c4 dxc4 5. Bxc4 e6 6. Ne2 Nd7 7. Nbc3 Nb6 8. Bb3
Ne7 9. Nf4 Qd7 10. O-O a6 11. a4 a5 12. Be3 Ng6 13. Nh5 Ne7 14. Nf4 Ng6 15. Nh5
Ne7 16. Nf4 1/2-1/2

[Event "6. Torneo Aficionados Bali - Sub-2300"]
[Site "Benidorm ESP"]
[Date "2007.12.06"]
[Round "7.1"]
[White "Taboas Rodriguez, Daniel"]
[Black "Torres Sanchez, Jose"]
[Result "1-0"]
[WhiteElo "2288"]
[BlackElo "2272"]
[PlyCount "177"]
[EventDate "2007.11.30"]
[EventType "swiss"]
[EventRounds "9"]
[EventCountry "ESP"]
[Source "lmi"]
[SourceDate "2007.11.30"]

1. d4 g6 2. c4 Bg7 3. Nc3 d6 4. Nf3 Bg4 5. e3 Nc6 6. Be2 Nh6 7. d5 Nb8 8. O-O
O-O 9. e4 e5 10. dxe6 Bxe6 11. Nd4 Bd7 12. Be3 Kh8 13. Rc1 Nc6 14. Nxc6 Bxc6
15. Qd2 Ng8 16. Rfd1 a5 17. Nd5 Re8 18. Bd3 b6 19. b3 Bd7 20. Re1 Be6 21. Bb1
Bd7 22. Bd4 f6 23. Qb2 Be6 24. a4 Rf8 25. Rcd1 Qd7 26. Rd3 Rae8 27. Rf3 Qd8 28.
Nf4 Qd7 29. Rg3 Ne7 30. Bc3 Nc6 31. Nd5 Qd8 32. f4 Rf7 33. Ree3 Ref8 34. h4 Ne7
35. f5 Bxd5 36. exd5 gxf5 37. Re6 Ng6 38. h5 Ne5 39. Bxf5 Bh6 40. Bb1 Rg8 41.
Qf2 Rxg3 42. Qxg3 Qg8 43. Qxg8+ Kxg8 44. Bf5 Be3+ 45. Kf1 Kf8 46. Ke2 Bg5 47.
Kf2 h6 48. g3 Re7 49. Ke2 Rxe6 50. Bxe6 Ke7 51. Bf5 Bc1 52. Kd1 Be3 53. Kc2 Bf2
54. g4 Be3 55. Bb2 Bg5 56. Ba3 Be3 57. Kc3 Bf2 58. Bc1 Nf7 59. Bg6 Ng5 60. Kd3
Bh4 61. Bf4 Bf2 62. Ke2 Bd4 63. Bd2 Be5 64. b4 axb4 65. Bxb4 Bd4 66. Bf5 Bg1
67. Bd2 Bc5 68. Kd3 Bg1 69. Kc3 Bc5 70. Kb3 Kd8 71. Bf4 Ke7 72. Bc1 Bd4 73. Kb4
Kd8 74. Kb5 Bc3 75. Be3 Nf7 76. Be6 Ng5 77. Kc6 Be5 78. Bd2 Bd4 79. a5 bxa5 80.
Bxa5 Bc5 81. Bxc7+ Ke7 82. Bf5 Nf3 83. Ba5 Ne5+ 84. Kb5 Be3 85. Bb4 Nd7 86.
Bxd7 Kxd7 87. Bc3 Bg5 88. Bd4 Kc7 89. Ka6 1-0

[Event "6. Torneo Aficionados Bali - Sub-2300"]
[Site "Benidorm ESP"]
[Date "2007.12.06"]
[Round "7.2"]
[White "Garrido Fernandez, Daniel"]
[Black "Voiteanu, Gabriel"]
[Result "1/2-1/2"]
[WhiteElo "2250"]
[BlackElo "2278"]
[PlyCount "141"]
[EventDate "2007.11.30"]
[EventType "swiss"]
[EventRounds "9"]
[EventCountry "ESP"]
[Source "lmi"]
[SourceDate "2007.11.30"]

1. e4 e5 2. Nc3 Nf6 3. Bc4 Bc5 4. d3 d6 5. Na4 Bb6 6. Nxb6 axb6 7. f4 Nc6 8. c3
d5 9. exd5 Nxd5 10. Qh5 g6 11. Qh6 exf4 12. Nf3 Qe7+ 13. Kd1 Be6 14. Bxd5 Bxd5
15. Re1 Be6 16. Qg5 O-O-O 17. Qxe7 Nxe7 18. Bxf4 Rxd3+ 19. Kc2 Bf5 20. Nh4 Rf3+
21. Nxf5 Rf2+ 22. Kb3 Nxf5 23. Be5 Rd8 24. g4 Nd6 25. Bg3 Rg2 26. Re7 Rd7 27.
Rae1 f5 28. Bxd6 cxd6 29. Re8+ Kc7 30. gxf5 gxf5 31. R1e2 Rxe2 32. Rxe2 Kc6 33.
Kc4 Rg7 34. Rf2 Rg4+ 35. Kd3 Rh4 36. Ke3 Re4+ 37. Kd3 Re5 38. Rf4 Kd7 39. Rh4
Re7 40. Rb4 Kc6 41. Rf4 Rg7 42. Rxf5 Rg2 43. Rh5 Rxb2 44. Rxh7 Rxa2 45. h4 Rh2
46. h5 Rh3+ 47. Kc2 b5 48. h6 b4 49. cxb4 b6 50. Rh8 Kd5 51. h7 b5 52. Kb2 Rh2+
53. Kc3 Rh3+ 54. Kb2 Kd4 55. Rd8 Rxh7 56. Rxd6+ Kc4 57. Rg6 Rh2+ 58. Ka3 Rh3+
59. Kb2 Kxb4 60. Rg4+ Ka5 61. Rg8 Ka4 62. Rg4+ b4 63. Rg2 Rb3+ 64. Ka2 Rd3 65.
Kb2 Rd4 66. Rf2 Kb5 67. Kb3 Rd3+ 68. Kb2 Ka4 69. Rg2 Rb3+ 70. Ka2 Rc3 71. Kb2
1/2-1/2

[Event "6. Torneo Aficionados Bali - Sub-2300"]
[Site "Benidorm ESP"]
[Date "2007.12.06"]
[Round "7.3"]
[White "Renteria, Jorge"]
[Black "Galvan, Jesus"]
[Result "1/2-1/2"]
[WhiteElo "2233"]
[BlackElo "2275"]
[PlyCount "24"]
[EventDate "2007.11.30"]
[EventType "swiss"]
[EventRounds "9"]
[EventCountry "ESP"]
[Source "lmi"]
[SourceDate "2007.11.30"]

1. e4 c5 2. Nf3 Nc6 3. d4 cxd4 4. Nxd4 e5 5. Nb5 a6 6. Nd6+ Bxd6 7. Qxd6 Qf6 8.
Qd1 Qg6 9. Nc3 Nf6 10. f3 d5 11. Nxd5 Nxd5 12. Qxd5 O-O 1/2-1/2

[Event "6. Torneo Aficionados Bali - Sub-2300"]
[Site "Benidorm ESP"]
[Date "2007.12.06"]
[Round "7.8"]
[White "Olejarczyk, Bogdan"]
[Black "Fenollar Jorda, Manuel"]
[Result "0-1"]
[WhiteElo "2203"]
[BlackElo "2261"]
[PlyCount "56"]
[EventDate "2007.11.30"]
[EventType "swiss"]
[EventRounds "9"]
[EventCountry "ESP"]
[Source "lmi"]
[SourceDate "2007.11.30"]

1. d4 d5 2. c4 c6 3. Nc3 Nf6 4. Nf3 a6 5. cxd5 cxd5 6. Bf4 Nc6 7. Rc1 Ne4 8.
Qb3 Nxc3 9. Rxc3 e5 10. Nxe5 Na5 11. Qc2 Bb4 12. Bd2 Bxc3 13. Qxc3 Nc4 14. Nxc4
dxc4 15. Qxc4 O-O 16. d5 Bd7 17. Bc3 Re8 18. e3 Qg5 19. Qd4 Bf5 20. h4 Qh6 21.
Bd3 Bxd3 22. Qxd3 Rad8 23. Rh3 Qg6 24. Qd4 Re4 25. Qc5 Rg4 26. g3 Qd3 27. Bd4
Qf5 28. h5 Rxd4 0-1

[Event "6. Torneo Aficionados Bali - Sub-2300"]
[Site "Benidorm ESP"]
[Date "2007.12.06"]
[Round "7.9"]
[White "Iglesias Leon, Francisco J"]
[Black "Uribe Arteaga, Daniel"]
[Result "1-0"]
[WhiteElo "2196"]
[BlackElo "2260"]
[PlyCount "65"]
[EventDate "2007.11.30"]
[EventType "swiss"]
[EventRounds "9"]
[EventCountry "ESP"]
[Source "lmi"]
[SourceDate "2007.11.30"]

1. b3 e5 2. Bb2 d6 3. d4 exd4 4. Qxd4 Nc6 5. Qe3+ Qe7 6. Qxe7+ Ngxe7 7. e4 f5
8. f3 d5 9. Nc3 Be6 10. exd5 Nxd5 11. Nxd5 Bxd5 12. O-O-O O-O-O 13. Ne2 Rg8 14.
c4 Bf7 15. Rxd8+ Kxd8 16. Nd4 Nxd4 17. Bxd4 Ba3+ 18. Kc2 Kd7 19. Bd3 g6 20. Re1
Re8 21. Rxe8 Bxe8 22. g3 c5 23. Bg7 f4 24. g4 Ke7 25. Be4 b5 26. Bd5 Bf7 27.
Bxf7 Kxf7 28. Bh6 a6 29. Kd3 Kf6 30. h4 Ke6 31. Ke4 Bb2 32. Bg5 Bh8 33. Bxf4
1-0

[Event "6. Torneo Aficionados Bali - Sub-2300"]
[Site "Benidorm ESP"]
[Date "2007.12.06"]
[Round "7.14"]
[White "Frick, Christoph"]
[Black "Rocabert Andreu, Guillermo"]
[Result "1-0"]
[WhiteElo "2265"]
[BlackElo "2234"]
[PlyCount "39"]
[EventDate "2007.11.30"]
[EventType "swiss"]
[EventRounds "9"]
[EventCountry "ESP"]
[Source "lmi"]
[SourceDate "2007.11.30"]

1. g3 d5 2. Bg2 Nf6 3. d3 e6 4. Nd2 Be7 5. Ngf3 O-O 6. O-O c5 7. e4 Nc6 8. Re1
Rb8 9. e5 Nd7 10. Nf1 b5 11. h4 a5 12. Bf4 b4 13. Ne3 Nd4 14. Ng5 h6 15. Nh3
Re8 16. Rc1 Rb6 17. c3 Nb5 18. Qh5 Nf8 19. Ng4 Ng6 20. Bxh6 1-0

[Event "6. Torneo Aficionados Bali - Sub-2300"]
[Site "Benidorm ESP"]
[Date "2007.12.06"]
[Round "7.17"]
[White "Cantero, Antonio"]
[Black "Andres Terrado, Miguel Angel"]
[Result "0-1"]
[WhiteElo "2246"]
[BlackElo "2161"]
[PlyCount "56"]
[EventDate "2007.11.30"]
[EventType "swiss"]
[EventRounds "9"]
[EventCountry "ESP"]
[Source "lmi"]
[SourceDate "2007.11.30"]

1. e4 c5 2. Nf3 d6 3. d4 cxd4 4. Nxd4 Nf6 5. Nc3 g6 6. Be3 Bg7 7. f3 O-O 8. Qd2
Nc6 9. Bc4 Bd7 10. O-O-O Ne5 11. Bb3 Qa5 12. Kb1 Rfc8 13. h4 b5 14. Ncxb5 Qa6
15. Nc3 Qb7 16. h5 Nc4 17. Bxc4 Rxc4 18. hxg6 fxg6 19. Nce2 Rac8 20. Rc1 a5 21.
Nb3 Qb8 22. Qxa5 Ra4 23. Qd2 Qa8 24. Bd4 Rxa2 25. Nc3 Ra6 26. Nd5 Be6 27. Nxe7+
Kf8 28. Nxc8 Ra1+ 0-1

[Event "6. Torneo Aficionados Bali - Sub-2300"]
[Site "Benidorm ESP"]
[Date "2007.12.06"]
[Round "7.18"]
[White "Goormachtigh, Johan"]
[Black "Garcia Gata, Jorge D"]
[Result "1/2-1/2"]
[WhiteElo "2245"]
[BlackElo "2135"]
[PlyCount "47"]
[EventDate "2007.11.30"]
[EventType "swiss"]
[EventRounds "9"]
[EventCountry "ESP"]
[Source "lmi"]
[SourceDate "2007.11.30"]

1. d4 Nf6 2. c4 c5 3. d5 b5 4. cxb5 a6 5. bxa6 g6 6. Nc3 Bxa6 7. Nf3 d6 8. g3
Bg7 9. Bg2 Nbd7 10. Rb1 Nb6 11. b3 O-O 12. O-O Qc7 13. Bb2 Qb7 14. Nh4 Rfb8 15.
Ba1 Qa7 16. a4 Nbd7 17. Qc2 Rb4 18. Na2 Rb7 19. b4 Bb5 20. axb5 Qxa2 21. Qxa2
Rxa2 22. bxc5 Nxc5 23. Rfd1 Ra5 24. Nf3 1/2-1/2

[Event "6. Torneo Aficionados Bali - Sub-2300"]
[Site "Benidorm ESP"]
[Date "2007.12.06"]
[Round "7.21"]
[White "Naranjo Moreno, Antonio"]
[Black "Aymerich Rosell, Pablo"]
[Result "0-1"]
[WhiteElo "2255"]
[BlackElo "2202"]
[PlyCount "24"]
[EventDate "2007.11.30"]
[EventType "swiss"]
[EventRounds "9"]
[EventCountry "ESP"]
[Source "lmi"]
[SourceDate "2007.11.30"]

1. e4 c5 2. Nf3 d6 3. d4 cxd4 4. Nxd4 Nf6 5. Nc3 a6 6. Bg5 e6 7. f4 Nbd7 8. Qf3
Qc7 9. O-O-O b5 10. Bxb5 axb5 11. Ndxb5 Qb6 12. e5 Bb7 0-1

[Event "6. Torneo Aficionados Bali - Sub-2300"]
[Site "Benidorm ESP"]
[Date "2007.12.06"]
[Round "7.22"]
[White "Carrascoso Morales, Abel"]
[Black "Sabater Sanchez, Asensio"]
[Result "0-1"]
[WhiteElo "2248"]
[BlackElo "2190"]
[PlyCount "81"]
[EventDate "2007.11.30"]
[EventType "swiss"]
[EventRounds "9"]
[EventCountry "ESP"]
[Source "lmi"]
[SourceDate "2007.11.30"]

1. b3 e5 2. Bb2 d6 3. e3 Nf6 4. d3 g6 5. Nf3 Bg7 6. Be2 O-O 7. O-O b6 8. c4 Bb7
9. Nbd2 Nbd7 10. Qc2 h6 11. b4 Qe7 12. Ne1 c5 13. b5 d5 14. a4 a5 15. bxa6 Rxa6
16. cxd5 Nxd5 17. Bf3 Nb4 18. Qb3 Bxf3 19. Nexf3 Qd6 20. d4 exd4 21. exd4 Qd5
22. Nc4 Rfa8 23. dxc5 Bxb2 24. Rad1 Qc6 25. Qxb4 Rxa4 26. Qxb2 Rxc4 27. Rxd7
Qxd7 28. Ne5 Qd4 29. Nxc4 Qxc4 30. cxb6 Rc8 31. h3 h5 32. b7 Rb8 33. Ra1 Qc6
34. Rb1 Kh7 35. h4 Qe4 36. g3 Qc6 37. Qb5 Qe4 38. Qb6 Kg7 39. Rb4 Qe1+ 40. Kg2
Qe7 41. Qc7 0-1

[Event "6. Torneo Aficionados Bali - Sub-2300"]
[Site "Benidorm ESP"]
[Date "2007.12.06"]
[Round "7.23"]
[White "Montero Fernandez, Oscar"]
[Black "Jacoby, Gisbert"]
[Result "1-0"]
[WhiteElo "2149"]
[BlackElo "2244"]
[PlyCount "57"]
[EventDate "2007.11.30"]
[EventType "swiss"]
[EventRounds "9"]
[EventCountry "ESP"]
[Source "lmi"]
[SourceDate "2007.11.30"]

1. e4 e6 2. d4 d5 3. Nd2 Nf6 4. e5 Nfd7 5. Bd3 c5 6. c3 Nc6 7. Ne2 a5 8. O-O a4
9. a3 cxd4 10. cxd4 Nb6 11. Nf3 Bd7 12. Qd2 Na5 13. Qf4 h6 14. Rb1 Nbc4 15. Qg4
Bb5 16. Nf4 Qd7 17. Rd1 O-O-O 18. Be3 Nb3 19. Bc2 Kb8 20. Rd3 g5 21. Nh5 Nca5
22. Rc3 Bc4 23. Nd2 b5 24. Bxb3 Nxb3 25. Nxb3 axb3 26. Bd2 b4 27. axb4 Qb5 28.
Qh3 Bxb4 29. Rxb3 1-0

[Event "6. Torneo Aficionados Bali - Sub-2300"]
[Site "Benidorm ESP"]
[Date "2007.12.06"]
[Round "7.25"]
[White "Sanchez Barbado, Carlos"]
[Black "Charleshouse, Glenn L"]
[Result "1/2-1/2"]
[WhiteElo "2155"]
[BlackElo "2229"]
[PlyCount "45"]
[EventDate "2007.11.30"]
[EventType "swiss"]
[EventRounds "9"]
[EventCountry "ESP"]
[Source "lmi"]
[SourceDate "2007.11.30"]

1. e4 c5 2. Nc3 e6 3. g3 Nc6 4. Bg2 g6 5. d3 Bg7 6. Be3 d6 7. Qd2 Rb8 8. Nf3
Nd4 9. O-O Ne7 10. a3 O-O 11. Bh6 e5 12. Bxg7 Kxg7 13. Nh4 Be6 14. Rae1 Qd7 15.
Nd1 c4 16. Ne3 cxd3 17. Qxd3 Rbd8 18. c3 Nb3 19. f4 f6 20. Rd1 b5 21. Rf2 a6
22. Qe2 Bg8 23. Kh1 1/2-1/2

[Event "6. Torneo Aficionados Bali - Sub-2300"]
[Site "Benidorm ESP"]
[Date "2007.12.06"]
[Round "7.28"]
[White "Rosa Cintas, Raul"]
[Black "Ballester Llagaria, Luis Eduard"]
[Result "1/2-1/2"]
[WhiteElo "2210"]
[BlackElo "2023"]
[PlyCount "62"]
[EventDate "2007.11.30"]
[EventType "swiss"]
[EventRounds "9"]
[EventCountry "ESP"]
[Source "lmi"]
[SourceDate "2007.11.30"]

1. d4 d5 2. Nf3 c5 3. dxc5 e6 4. a3 Bxc5 5. b4 Bd6 6. Bb2 Nf6 7. e3 O-O 8. Nbd2
Qe7 9. c4 Rd8 10. Qc2 e5 11. cxd5 Nxd5 12. e4 Nb6 13. Be2 Bg4 14. O-O N8d7 15.
Nb3 Rac8 16. Qb1 Nf8 17. Nfd4 Bxe2 18. Nxe2 Ne6 19. Rc1 Nc4 20. Bc3 Rc7 21. Nd2
Nd4 22. Qd3 Nxe2+ 23. Qxe2 Rdc8 24. Nxc4 Rxc4 25. Bd2 Qe6 26. Rxc4 Rxc4 27. Rc1
Rxc1+ 28. Bxc1 Qb3 29. Qd2 Qb1 30. h3 Be7 31. Qe1 Bg5 1/2-1/2

[Event "6. Torneo Aficionados Bali - Sub-2300"]
[Site "Benidorm ESP"]
[Date "2007.12.06"]
[Round "7.31"]
[White "Tello Nunez, Alejandro"]
[Black "Carrasco Sagredo, Manuel"]
[Result "1-0"]
[WhiteElo "2280"]
[BlackElo "2134"]
[PlyCount "53"]
[EventDate "2007.11.30"]
[EventType "swiss"]
[EventRounds "9"]
[EventCountry "ESP"]
[Source "lmi"]
[SourceDate "2007.11.30"]

1. e4 c5 2. Nf3 Nc6 3. d4 cxd4 4. Nxd4 Nf6 5. Nc3 d6 6. Bc4 e6 7. Be3 Be7 8.
Qe2 a6 9. O-O-O Qc7 10. Bb3 O-O 11. g4 Nxd4 12. Rxd4 e5 13. Rc4 Qd8 14. g5 Ng4
15. Nd5 Bxg5 16. Rxc8 Rxc8 17. Qxg4 Bxe3+ 18. fxe3 Kh8 19. Rg1 g6 20. Rf1 h5
21. Qg3 b5 22. Nf6 Kg7 23. Nxh5+ Kh6 24. Nf6 Kg7 25. Qh4 Rh8 26. Ne8+ Qxe8 27.
Qf6+ 1-0

[Event "6. Torneo Aficionados Bali - Sub-2300"]
[Site "Benidorm ESP"]
[Date "2007.12.06"]
[Round "7.32"]
[White "Canovas Pardo, Albert"]
[Black "Hristodorescu, Daniel"]
[Result "0-1"]
[WhiteElo "2137"]
[BlackElo "2260"]
[PlyCount "66"]
[EventDate "2007.11.30"]
[EventType "swiss"]
[EventRounds "9"]
[EventCountry "ESP"]
[Source "lmi"]
[SourceDate "2007.11.30"]

1. d4 Nf6 2. c4 g6 3. Nc3 Bg7 4. e4 O-O 5. f3 d6 6. Be3 Nfd7 7. Qd2 c5 8. d5
Qa5 9. Nge2 Na6 10. Bh6 Nc7 11. Bxg7 Kxg7 12. h4 h5 13. Ng3 Rh8 14. f4 a6 15.
Be2 b5 16. O-O bxc4 17. f5 Ne5 18. fxg6 f6 19. Nf5+ Bxf5 20. exf5 Rab8 21. Rab1
Nb5 22. Qe3 Rb7 23. g3 Nd4 24. a3 Rhb8 25. Bxh5 Rxb2 26. Rbc1 Qd8 27. Bd1 Qh8
28. Ne4 Ra2 29. Rf2 Rxf2 30. Qxf2 Qh6 31. Ra1 Nd3 32. Qd2 Qxd2 33. Nxd2 c3 0-1

[Event "6. Torneo Aficionados Bali - Sub-2300"]
[Site "Benidorm ESP"]
[Date "2007.12.06"]
[Round "7.34"]
[White "Jove Grau, Lluis"]
[Black "Skorna, Ullrich"]
[Result "1-0"]
[WhiteElo "2220"]
[BlackElo "2130"]
[PlyCount "55"]
[EventDate "2007.11.30"]
[EventType "swiss"]
[EventRounds "9"]
[EventCountry "ESP"]
[Source "lmi"]
[SourceDate "2007.11.30"]

1. e4 e6 2. d4 d5 3. Nc3 Bb4 4. Nge2 dxe4 5. a3 Ba5 6. b4 Bb6 7. Nxe4 Ne7 8. c3
O-O 9. N2g3 f5 10. Ng5 h6 11. Nf3 Nd7 12. Bc4 Nd5 13. Qd3 c6 14. O-O Bc7 15.
Bb3 N7f6 16. c4 Nf4 17. Qc2 Ng4 18. Bb2 h5 19. Rad1 h4 20. Ne2 Nxe2+ 21. Qxe2
h3 22. gxh3 Rf6 23. hxg4 fxg4 24. Ne5 Rf5 25. Bc2 Rh5 26. Qe3 Rh3 27. Qf4 Qh4
28. Qf7+ 1-0

[Event "6. Torneo Aficionados Bali - Sub-2300"]
[Site "Benidorm ESP"]
[Date "2007.12.06"]
[Round "7.36"]
[White "Perez Garcia, Roberto"]
[Black "Donovan, Linton"]
[Result "1-0"]
[WhiteElo "2193"]
[BlackElo "2124"]
[PlyCount "67"]
[EventDate "2007.11.30"]
[EventType "swiss"]
[EventRounds "9"]
[EventCountry "ESP"]
[Source "lmi"]
[SourceDate "2007.11.30"]

1. e4 e6 2. d4 d5 3. Nc3 Bb4 4. e5 c5 5. Bd2 cxd4 6. Nb5 Bxd2+ 7. Qxd2 Nc6 8.
Nd6+ Kf8 9. f4 Qb6 10. O-O-O Nge7 11. Nf3 Nf5 12. Nxf5 exf5 13. Nxd4 Be6 14. h4
Rc8 15. Rh3 Nxd4 16. Qxd4 Qxd4 17. Rxd4 Ke7 18. Rhd3 Rc4 19. b3 Rxd4 20. Rxd4
Rc8 21. g3 f6 22. exf6+ Kxf6 23. Kd2 b6 24. Bg2 Rc5 25. b4 Rc7 26. Bxd5 h6 27.
Kd3 Bd7 28. c4 g5 29. Bf3 Be6 30. a4 gxh4 31. gxh4 Rc8 32. Rd6 Ke7 33. Rc6 Rg8
34. Rxe6+ 1-0

[Event "6. Torneo Aficionados Bali - Sub-2300"]
[Site "Benidorm ESP"]
[Date "2007.12.06"]
[Round "7.42"]
[White "Orfali, Marcelo-Rafael"]
[Black "Gonzalez Aguirre, Luis"]
[Result "0-1"]
[WhiteElo "2097"]
[BlackElo "2156"]
[PlyCount "80"]
[EventDate "2007.11.30"]
[EventType "swiss"]
[EventRounds "9"]
[EventCountry "ESP"]
[Source "lmi"]
[SourceDate "2007.11.30"]

1. e4 c6 2. d4 g6 3. f4 d5 4. e5 h5 5. c4 Nh6 6. Nc3 Be6 7. cxd5 Bxd5 8. Nxd5
Qxd5 9. Nf3 e6 10. Bd2 Be7 11. Bd3 c5 12. O-O Nc6 13. Qe2 Rd8 14. Bc4 Nxd4 15.
Nxd4 Qxd4+ 16. Be3 Qe4 17. Bb5+ Kf8 18. f5 exf5 19. Bxh6+ Rxh6 20. Qxe4 fxe4
21. e6 f5 22. Bd7 Bf6 23. Kh1 Ke7 24. Rac1 Bd4 25. Rfd1 Rhh8 26. b4 b6 27. g3
h4 28. Kg2 hxg3 29. hxg3 Rh7 30. bxc5 Bxc5 31. Rh1 Rdh8 32. Rxh7+ Rxh7 33. Rc4
Kf6 34. Be8 Re7 35. Bd7 Ke5 36. Bc8 g5 37. Bd7 f4 38. Bc6 f3+ 39. Kh3 Bd4 40.
Bd7 Kf5 0-1

[Event "6. Torneo Aficionados Bali - Sub-2300"]
[Site "Benidorm ESP"]
[Date "2007.12.06"]
[Round "7.46"]
[White "Cano Gimenez, Vicente"]
[Black "Rodriguez Gonzalez, Alex"]
[Result "1-0"]
[WhiteElo "2204"]
[BlackElo "2088"]
[PlyCount "73"]
[EventDate "2007.11.30"]
[EventType "swiss"]
[EventRounds "9"]
[EventCountry "ESP"]
[Source "lmi"]
[SourceDate "2007.11.30"]

1. c4 d6 2. g3 e5 3. Bg2 f5 4. d4 Be7 5. Nc3 Nf6 6. dxe5 dxe5 7. Qxd8+ Bxd8 8.
Nf3 e4 9. Nd4 c6 10. Bh3 g6 11. Bh6 Kf7 12. O-O-O Na6 13. f3 Re8 14. a3 Bc7 15.
Kc2 Ng8 16. Bg5 Nc5 17. b4 Ne6 18. Nxe6 Bxe6 19. fxe4 h6 20. exf5 gxf5 21. Bc1
Kg6 22. Rhf1 Be5 23. e4 fxe4 24. Bxe6 Rxe6 25. Nxe4 Nf6 26. Nxf6 Bxf6 27. Rfe1
Rxe1 28. Rxe1 a5 29. Bb2 Bxb2 30. Kxb2 axb4 31. axb4 Kf5 32. Re7 b5 33. Rc7 Re8
34. Rxc6 Re2+ 35. Kc3 Rxh2 36. cxb5 h5 37. b6 1-0

[Event "6. Torneo Aficionados Bali - Sub-2300"]
[Site "Benidorm ESP"]
[Date "2007.12.06"]
[Round "7.49"]
[White "Amoros Moran, Jose Joaquin"]
[Black "Ribes Peris, Alvaro"]
[Result "1/2-1/2"]
[WhiteElo "2055"]
[BlackElo "2157"]
[PlyCount "86"]
[EventDate "2007.11.30"]
[EventType "swiss"]
[EventRounds "9"]
[EventCountry "ESP"]
[Source "lmi"]
[SourceDate "2007.11.30"]

1. e4 c5 2. Nf3 d6 3. d4 cxd4 4. Nxd4 Nf6 5. Nc3 a6 6. g3 e5 7. Nb3 Bg4 8. Qd3
Be7 9. Bg2 O-O 10. O-O b5 11. a4 b4 12. Nd5 Nxd5 13. Qxd5 Nd7 14. a5 Qc7 15. f3
Be6 16. Qd1 Rac8 17. Rf2 f5 18. Bh3 Kh8 19. Be3 f4 20. Bxe6 fxe3 21. Rg2 Rf6
22. Bxd7 Qxd7 23. Qe2 Rcf8 24. Rf1 Qa7 25. Kh1 g5 26. g4 Bd8 27. Rg3 d5 28.
exd5 e4 29. Rh3 Rf4 30. c3 Qf7 31. Qxe3 Qxd5 32. Qd4+ Qxd4 33. Nxd4 bxc3 34.
bxc3 R8f6 35. Re1 exf3 36. Nxf3 Rf8 37. Ne5 Kg8 38. Nc6 Bf6 39. Rg3 Rc4 40.
Ne7+ Bxe7 41. Rxe7 Rc5 42. Rh3 Rd5 43. Rhxh7 Rd1+ 1/2-1/2

[Event "6. Torneo Aficionados Bali - Sub-2300"]
[Site "Benidorm ESP"]
[Date "2007.12.06"]
[Round "7.51"]
[White "Ridameya Tatche, Jose"]
[Black "Moya Mallafre, Erik"]
[Result "1-0"]
[WhiteElo "2140"]
[BlackElo "2031"]
[PlyCount "61"]
[EventDate "2007.11.30"]
[EventType "swiss"]
[EventRounds "9"]
[EventCountry "ESP"]
[Source "lmi"]
[SourceDate "2007.11.30"]

1. e4 c6 2. d4 d5 3. exd5 cxd5 4. c4 Nf6 5. Nc3 Nc6 6. Nf3 Bg4 7. cxd5 Nxd5 8.
Be3 e6 9. Be2 Bb4 10. Rc1 O-O 11. O-O Nce7 12. h3 Bh5 13. Qb3 b6 14. Bd2 Rc8
15. Nxd5 Bxd2 16. Nxe7+ Qxe7 17. Rxc8 Rxc8 18. g4 Bxg4 19. hxg4 Bf4 20. Qd3 Rd8
21. Qe4 Qf6 22. Kg2 g6 23. Rh1 Kg7 24. Rh3 Bb8 25. Ne5 Bc7 26. Rf3 Bxe5 27.
dxe5 Qe7 28. Qf4 Qc7 29. Rc3 Qb8 30. Rh3 Rh8 31. Qf6+ 1-0

[Event "6. Torneo Aficionados Bali - Sub-2300"]
[Site "Benidorm ESP"]
[Date "2007.12.06"]
[Round "7.58"]
[White "Fernandez Garcia, Ignacio"]
[Black "Kozarcanin, Sead"]
[Result "0-1"]
[WhiteElo "2039"]
[BlackElo "2207"]
[PlyCount "54"]
[EventDate "2007.11.30"]
[EventType "swiss"]
[EventRounds "9"]
[EventCountry "ESP"]
[Source "lmi"]
[SourceDate "2007.11.30"]

1. e4 e5 2. Nf3 Nc6 3. Bc4 g6 4. d4 exd4 5. O-O d6 6. Nxd4 Bg7 7. c3 Nf6 8. Bg5
h6 9. Nxc6 bxc6 10. e5 hxg5 11. exf6 Qxf6 12. Re1+ Kf8 13. Nd2 d5 14. Bd3 Qd6
15. g3 Be6 16. Qc2 Bf6 17. c4 Kg7 18. c5 Qd7 19. Rab1 Bf5 20. b4 a5 21. bxa5
Bxd3 22. Qxd3 Rxa5 23. Qc2 Rha8 24. Rb3 Rxa2 25. Qd3 Qf5 26. Qe2 Rc2 27. Rf3
Rxd2 0-1

[Event "6. Torneo Aficionados Bali - Sub-2300"]
[Site "Benidorm ESP"]
[Date "2007.12.07"]
[Round "8.1"]
[White "Taboas Rodriguez, Daniel"]
[Black "Raut, Cristian"]
[Result "1/2-1/2"]
[WhiteElo "2288"]
[BlackElo "2295"]
[PlyCount "57"]
[EventDate "2007.11.30"]
[EventType "swiss"]
[EventRounds "9"]
[EventCountry "ESP"]
[Source "lmi"]
[SourceDate "2007.11.30"]

1. d4 Nf6 2. Nf3 e6 3. e3 b6 4. Bd3 Bb7 5. O-O Be7 6. b3 O-O 7. Bb2 d5 8. Nbd2
c5 9. Ne5 Nbd7 10. Qf3 Qc7 11. Qh3 g6 12. Ndf3 Nxe5 13. Nxe5 Nd7 14. Nxd7 Qxd7
15. dxc5 bxc5 16. Rad1 f5 17. e4 Bf6 18. Bxf6 Rxf6 19. Rfe1 Bc8 20. exd5 exd5
21. Qe3 Qc6 22. Qe7 Bb7 23. Qe8+ Qxe8 24. Rxe8+ Rf8 25. Re7 Rf7 26. Rde1 Kf8
27. Re8+ Kg7 28. f4 Bc8 29. R8e4 1/2-1/2